| 000 | 00544 a2200133 4500 | ||
|---|---|---|---|
| 082 | _aMS-IT-9 | ||
| 100 |
_aMariyum Gul _999082 |
||
| 245 |
_aHL7 RIM & relational database mapping: an ontological approach to achieve mapping at data type level _cMariyum Gul |
||
| 260 |
_aIslamabad _bNUST-SEECS _c2011 |
||
| 300 |
_a55p. _b;ill. _c;27cm.+ _eCD ROM |
||
| 500 | _aSupervisors:Dr. Hafiz Farooq Ahmed, Dr. Khalid Latif, Mr. Bilal Ali, Mr. Muhammad Bilal | ||
| 856 | _uhttp://10.250.8.41:8080/xmlui/handle/123456789/13465 | ||
| 942 |
_cPR _kMS-IT-9 1215 _2ddc |
||
| 999 |
_c11337 _d11337 |
||